000 00731nam a2200217Ia 4500
999 _c43106
_d43106
003 GCL
005 20240530103852.0
008 140319s1992 ua 000 0 ara d
020 _a9775140285
040 _aGCL /
_cGCL
082 0 4 _a220
_bم ك
100 0 _aمحمد شحرور
245 1 0 _aالكتاب والقران :
_bقراءة معاصرة وباخره كتاب اسرار اللسان العربى جعفر دك الباب /
_cمحمد شحرور
260 _aالقاهرة :
_bسينا للنشر،
_c1992.
300 _a882 ص. ؛
_c24 سم
490 _aكتاب
_v0
650 0 4 _aالفقه الاسلامى
650 0 4 _aالقران - تاريخ
650 0 4 _aالقصص القرآنية
942 _2ddc
_cBK